Loading...
| Science - Chemistry | 0 | 3 | 1 | 3 | 25 | 115 | 124.33 | 0 | 1 |
| Science - Biology | 0 | 3 | 2 | 1 | 20 | 29 | 67.00 | 1 | 3 |
| Science - Physics | 0 | 2 | 1 | 1 | 15 | 32 | 80.50 | 0 | 1 |
| Literature - European poetry | 0 | 1 | 0 | 0 | 10 | 96 | 96.00 | 0 | 1 |
| Art - Other | 0 | 1 | 0 | 0 | 10 | 143 | 143.00 | 0 | 0 |
| History - Other | 0 | 1 | 0 | 1 | 10 | 141 | 141.00 | 1 | 1 |
| Mythology - Mixed/Any | 0 | 1 | 0 | 1 | 10 | 149 | 149.00 | 1 | 1 |
| Science - Other/CL/Misc | 0 | 1 | 0 | 0 | 10 | 108 | 108.00 | 1 | 1 |
| Literature - American long fiction | 0 | 0 | 1 | 0 | -5 | 0.00 | 0 | 0 | |
| History - World | 0 | 0 | 1 | 0 | -5 | 0.00 | 0 | 0 | |
| Art - Music/Opera | 0 | 0 | 1 | 0 | -5 | 0.00 | 0 | 0 | |
| Geography - Europe | 0 | 0 | 1 | 0 | -5 | 0.00 | 0 | 0 |